Music Quiz

Random Music or Disney Quiz
Score 0/199 Timer 07:00
26 Plays Today
% Correct
a
96.2%
a
96.2%
a
96.2%
a
96.2%
a
96.2%
a
96.2%
a
96.2%
a
96.2%
a
96.2%
I
95.6%
I
95.6%
I
95.6%
I
95.6%
I
95.6%
I
95.6%
the
93.4%
The
93.4%
the
93.4%
the
93.4%
The
93.4%
the
93.4%
the
93.4%
the
93.4%
The
93.4%
the
93.4%
the
93.4%
the
93.4%
the
93.4%
the
93.4%
the
93.4%
the
93.4%
the
93.4%
the
93.4%
The
93.4%
you
86.1%
you
86.1%
you
86.1%
you
86.1%
you
86.1%
you
86.1%
you
86.1%
you
86.1%
you
86.1%
you
86.1%
be
78.5%
and
75.9%
and
75.9%
and
75.9%
and
75.9%
And
75.9%
me
71.2%
to
70.5%
to
70.5%
to
70.5%
to
70.5%
to
70.5%
to
70.5%
in
64.3%
for
63.2%
for
63.2%
for
63.2%
can
61.3%
of
59.8%
of
59.8%
of
59.8%
of
59.8%
of
59.8%
% Correct
of
59.8%
are
58.2%
When
56.4%
when
56.4%
When
56.4%
when
56.4%
your
56%
your
56%
your
56%
your
56%
will
55.4%
will
55.4%
They'll
48.9%
Look
47.2%
look
47.2%
Look
47.2%
at
46.9%
at
46.9%
life
46.5%
life
46.5%
life
46.5%
life
46.5%
my
42.5%
That
42.1%
bare
41.4%
bare
41.4%
bare
41.4%
bare
41.4%
bare
41.4%
bare
41.4%
bare
41.4%
bare
41.4%
bare
41.4%
bare
41.4%
necessities
40.3%
necessities
40.3%
necessities
40.3%
necessities
40.3%
necessities
40.3%
necessities
40.3%
necessities
40.3%
necessities
40.3%
necessities
40.3%
necessities
40.3%
about
39.9%
about
39.9%
come
39.8%
come
39.8%
come
39.8%
just
39.7%
just
39.7%
simple
39.1%
simple
39.1%
worries
38.3%
worries
38.3%
why
38%
Have
37.6%
time
37.6%
Forget
36.7%
Forget
36.7%
mean
36.1%
mean
36.1%
strife
35.3%
strife
35.3%
make
34.1%
some
33.6%
bees
33.3%
% Correct
With
33.4%
under
32.2%
tree
31.3%
Then
31.1%
bear
30%
Mother
29.4%
or
28.7%
take
28.6%
Nature's
28.5%
recipes
27.1%
honey
26.8%
buzzin'
26.5%
Don't
26.3%
don't
26.3%
But
26.1%
try
25.9%
try
25.9%
home
23.4%
big
23.4%
big
23.4%
rest
23%
Wherever
22.1%
wherever
22.1%
pawpaw
21.3%
pawpaw
21.3%
paw
21.3%
paw
21.3%
wander
21%
Now
21%
roam
20.9%
ants
20.9%
brings
20.8%
prickly
20.7%
prickly
20.7%
pear
20.4%
pear
20.4%
pear
20.4%
pear
20.4%
prick
20.3%
need
20%
ease
19.5%
rocks
19.5%
pick
19.1%
pick
19.1%
pick
19%
pick
19%
couldn't
18.9%
maybe
18.9%
fancy
18.5%
few
18.4%
glance
17.9%
by
17.8%
fonder
17.7%
Old
17.3%
plants
16.4%
That's
16.3%
given
16.3%
use
15.5%
use
15.5%
claw
15.3%
claw
15.3%
Next
14.4%
beware
14.3%
raw
13.6%
clue?
12.6%
Remove Ads.
Support Sporcle.
Get the best of Sporcle when you Go Orange. This ad-free experience offers more features, more stats, and more fun while also helping to support Sporcle. Thank you for becoming a member.

You're not logged in!

Compare scores with friends on all Sporcle quizzes.
OR
Log In

Show Comments

Extras

Top Quizzes Today


Score Distribution

Your Account Isn't Verified!

In order to create a playlist on Sporcle, you need to verify the email address you used during registration. Go to your Sporcle Settings to finish the process.

Report this User

Report this user for behavior that violates our Community Guidelines.

Details: